zpět

Detail výsledku týmu

U7, Zlín

Datum a čas kvízu

28.5 Celkem bodů Celkový počet nahraných bodů na tomto kvízu bez doplňovacích otázek.
3. Pořadí na kvízu Konečné umístění týmu na tomto kvízu.

Zaznamenané odpovědi

# Otázka Odpověď Body Výsledky
1. Který český politik a lékař če... Bohuslav Svoboda 0
2. Po ulicích jednoho středoslove... Liptovský Mikuláš 1
3. Jak se nazývá soutěžní reality... Peče celá země 1
4. Některé provozovny jistého řet... McDonald's 0
5. Minulý týden se stala jedna ne... Jaromír Jágr 1
6. Téma začneme v Evropě. Seřaďte... 1A 2C 3B 4D 1
7. Na území kterého ostrovního st... Kuba 1
8. Které z těchto zvířat nežije p... C 1
9. Jak se jmenuje nejlidnatější s... Indonésie, Jakarta 1
10. Jak se jmenuje ostrovní stát,... Papua Nová Guinea 1